[Event "SRB-ch Central int"]
[Site "Dimitrovgrad"]
[Date "2023.08.26"]
[Round "8"]
[White "Javadov, Habil"]
[Black "Srdanovic, Jovana"]
[Result "1/2-1/2"]
[WhiteElo "1980"]
[BlackElo "2090"]
[PlyCount "75"]
[EventDate "2023.08.20"]
[EventType "swiss"]
[EventRounds "9"]
[EventCountry "BUL"]
[SourceTitle "CBM 215 Extra"]
[Source "ChessBase"]
[SourceDate "2023.09.30"]
[SourceVersion "1"]
[SourceVersionDate "2023.09.30"]
[SourceQuality "1"]

1. d4 d5 2. Nf3 Nf6 3. Bf4 c5 4. c3 Nc6 5. e3 Qb6 6. Qb3 c4 7. Qc2 Bf5 8. Qc1 h6 9. h3 e6 10. Nbd2 Be7 11. Be2 0-0 12. 0-0 Rfc8 13. Re1 Qd8 14. Bd1 b5 15. a3 a5 16. Bc2 Bxc2 17. Qxc2 b4 18. a4 Nh5 19. Bh2 Bd6 20. Bxd6 Qxd6 21. g4 Nf6 22. e4 Qf4 23. e5 Nd7 24. Nh4 Qg5 25. Ng2 Qg6 26. Qc1 Rab8 27. f4 bxc3 28. bxc3 Rb7 29. f5 Qg5 30. Qc2 Rcb8 31. Nf3 Qd8 32. Ra2 Rb3 33. Rf1 Qb6 34. Rf2 Rb1+ 35. Kh2 Qb3 36. Qd2 Rd1 37. Qf4 Qxc3 38. Rac2 1/2-1/2

[Event "Plovdiv Tringov Memorial 45th"]
[Site "Plovdiv"]
[Date "2023.08.11"]
[Round "8"]
[White "Javadov, Habil"]
[Black "Demirtzoglou, Hrist"]
[Result "1/2-1/2"]
[WhiteElo "1980"]
[BlackElo "2105"]
[PlyCount "125"]
[EventDate "2023.08.06"]
[EventType "swiss"]
[EventRounds "9"]
[EventCountry "BUL"]
[SourceTitle "EXT 2024"]
[Source "ChessBase"]
[SourceDate "2023.10.10"]
[SourceVersion "1"]
[SourceVersionDate "2023.10.10"]
[SourceQuality "1"]

1. d4 Nf6 2. Nf3 d5 3. Bf4 c5 4. c3 Nc6 5. e3 Qb6 6. Qc2 g6 7. Nbd2 Bf5 8. Qb3 c4 9. Qxb6 axb6 10. a3 b5 11. Rc1 h6 12. h3 g5 13. Bh2 Nd7 14. Be2 Nb6 15. Bd1 Na4 16. Bc2 e6 17. Bxf5 exf5 18. Rc2 b4 19. axb4 Nxc3 20. bxc3 Ra1+ 21. Ke2 Rxh1 22. b5 Nd8 23. Nf1 Be7 24. Ne1 Kd7 25. f3 Ne6 26. Ra2 f4 27. e4 Nc7 28. Ra7 Ra8 29. b6 Rxa7 30. bxa7 b5 31. g3 fxg3 32. Bxg3 Na8 33. Kf2 Rxh3 34. Kg2 Rh5 35. Ne3 dxe4 36. fxe4 g4 37. Nxg4 Bh4 38. Nf3 Bd8 39. Bf4 f6 40. Nxh6 Bb6 41. Ng4 Ke7 42. Bb8 Ba5 43. e5 fxe5 44. dxe5 Bxc3 45. Nf6 Rxe5 46. Bxe5 Bxe5 47. Nd5+ Kd6 48. Ne3 Bf6 49. Kf2 Kc5 50. Ke2 Bd8 51. Ne5 Bc7 52. Nd7+ Kd6 53. Nf6 Bb6 54. Ne4+ Kc6 55. Nd2 Kc5 56. Ne4+ Kc6 57. Nd2 Bxe3 58. Kxe3 Kd5 59. Nf3 b4 60. Nd4 Kc5 61. Ne6+ Kd6 62. Kd4 c3 63. Nf4 1/2-1/2

[Event "Belgrade Serbia op"]
[Site "Belgrade"]
[Date "2023.07.23"]
[Round "8"]
[White "Lyutsinger, Iren"]
[Black "Javadov, Habil"]
[Result "1/2-1/2"]
[WhiteElo "1807"]
[BlackElo "2091"]
[PlyCount "48"]
[EventDate "2023.07.16"]
[EventType "swiss"]
[EventRounds "9"]
[EventCountry "SRB"]
[SourceTitle "EXT 2024"]
[Source "ChessBase"]
[SourceDate "2023.10.10"]
[SourceVersion "1"]
[SourceVersionDate "2023.10.10"]
[SourceQuality "1"]

1. e4 e6 2. Nf3 d5 3. e5 c5 4. b4 cxb4 5. a3 b3 6. cxb3 Nc6 7. d4 Bd7 8. Bd3 Nge7 9. 0-0 Nf5 10. Bb2 h5 11. Nc3 Ncxd4 12. Nxd4 Nxd4 13. Nxd5 Bc6 14. Ne3 Bc5 15. Rc1 Bb6 16. Nc4 Qg5 17. Be4 Bxe4 18. Nd6+ Kf8 19. Nxe4 Qxe5 20. Rc4 Rd8 21. Re1 g5 22. Ba1 Rg8 23. Ng3 Qh8 24. a4 a5 1/2-1/2

[Event "Belgrade Serbia op"]
[Site "Belgrade"]
[Date "2023.07.22"]
[Round "7"]
[White "Javadov, Habil"]
[Black "Yang, Maxwell"]
[Result "1/2-1/2"]
[WhiteElo "2091"]
[BlackElo "1806"]
[PlyCount "71"]
[EventDate "2023.07.16"]
[EventType "swiss"]
[EventRounds "9"]
[EventCountry "SRB"]
[SourceTitle "CBM 215 Extra"]
[Source "ChessBase"]
[SourceDate "2023.09.30"]
[SourceVersion "1"]
[SourceVersionDate "2023.09.30"]
[SourceQuality "1"]

1. d4 Nf6 2. Nf3 g6 3. Bf4 Bg7 4. e3 0-0 5. Be2 d5 6. h3 c5 7. c3 Nc6 8. Nbd2 Re8 9. dxc5 a5 10. a4 e5 11. Bh2 d4 12. cxd4 exd4 13. exd4 Nxd4 14. Nxd4 Qxd4 15. 0-0 Qxc5 16. Rc1 Qb4 17. Nc4 Ne4 18. Bf3 Be6 19. Bd6 Nxd6 20. Qxd6 Bxc4 21. Qxb4 axb4 22. Rxc4 Rxa4 23. b3 b5 24. Rf4 Ra7 25. Rxb4 Rb8 26. Bc6 Rc8 27. Bf3 Rc5 28. Rd1 Bc3 29. Re4 Ra1 30. Rxa1 Bxa1 31. Re1 Be5 32. g3 b4 33. Re2 Bc3 34. Ra2 Rc7 35. Be2 Re7 36. Bc4 1/2-1/2

[Event "Paracin op 16th"]
[Site "Paracin"]
[Date "2023.07.08"]
[Round "3"]
[White "Tsvetkov, Andrey1111"]
[Black "Javadov, Habil"]
[Result "1-0"]
[WhiteElo "2412"]
[BlackElo "2091"]
[PlyCount "83"]
[EventDate "2023.07.07"]
[EventType "swiss"]
[EventRounds "9"]
[EventCountry "SRB"]
[SourceTitle "EXT 2024"]
[Source "ChessBase"]
[SourceDate "2023.10.10"]
[SourceVersion "1"]
[SourceVersionDate "2023.10.10"]
[SourceQuality "1"]

1. e4 e6 2. d4 d5 3. Nc3 dxe4 4. Nxe4 Nd7 5. Nf3 Ngf6 6. Nxf6+ Nxf6 7. g3 Be7 8. Bg2 c5 9. 0-0 0-0 10. dxc5 Bxc5 11. Qe2 Qb6 12. a4 a5 13. Ne5 Nd7 14. Nd3 Be7 15. Be3 Qc7 16. Bf4 Qb6 17. Rad1 Nf6 18. Ne5 Rd8 19. Rxd8+ Qxd8 20. Rd1 Qb6 21. Nc4 Qa6 22. Bd6 Bd8 23. Bc5 Bd7 24. b3 Rc8 25. Rd6 Bc6 26. Rxe6 h6 27. Rd6 Qa8 28. Bh3 Bd7 29. Bxd7 Rxc5 30. Qe3 b6 31. Bh3 Qb8 32. Rd1 Bc7 33. Bg2 Qf8 34. Re1 Bd8 35. Re2 h5 36. Qd4 Bc7 37. c3 b5 38. Nb2 h4 39. Nd3 Rh5 40. axb5 Rxb5 41. Qc4 Qb8 42. Re7 1-0